000 00347 a2200109 4500
001 ART_8030
005 20260410161639.0
008 260409a
245 1 0 _aFactura electrónica. Panorama internacional- Segunda parte
100 1 _aEdelstein, Andrés M.
773 0 _tConsultor tributario
_g- Vol. 2, Nº 23 (ene. 2009)
_wREV474
999 _c13145
_d13145